Normal view
MARC view
- Teri Pub
Entry Personal Name
001 - CONTROL NUMBER
- control field: 19722
003 - CONTROL NUMBER IDENTIFIER
- control field: OSt
005 - DATE AND TIME OF LATEST TRANSACTION
- control field: 20220803171741.0
008 - FIXED-LENGTH DATA ELEMENTS
- fixed length control field: 220803|| aca||aabn | a|a d
040 ## - CATALOGING SOURCE
- Original cataloging agency: OSt
- Transcribing agency: OSt
100 ## - HEADING--PERSONAL NAME
- Personal name: Teri Pub
670 ## - SOURCE DATA FOUND
- Source citation: Work cat.: (OSt)13392: Teri Pub., Environmental Threats Vulnerability And Adaptation : Case Studies From India, 2003